000 00540nam a2200193Ia 4500
003 LK-CoDNM
008 010623t1938 xxu||||| |||| 00| 1 sin d
040 _aLK-CoDNM
_dLK-CoDNM
_eLK-CoDNM
041 _asin
080 _a104 DD.18
100 _aFernando,J.Fransis
_eed.
245 _aලෝක භූගෝල විද්‍යාව
246 _aLooka Bhuugoola Vidyaava.Standard II
260 _bY.Don Edvin
_aColombo
_c1938
300 _b84p., iill, 22 cm
650 _aGeography
700 _aFernando,W.Edwin
_eed.
942 _cBK
999 _c99078
_d99078